<?xml version="1.0" encoding="UTF-8"?>
<collection xmlns="http://www.loc.gov/MARC21/slim">
<record>
  <controlfield tag="001">130981</controlfield>
  <controlfield tag="005">20240731103306.0</controlfield>
  <datafield tag="024" ind1="8" ind2=" ">
    <subfield code="2">sideral</subfield>
    <subfield code="a">136598</subfield>
  </datafield>
  <datafield tag="037" ind1=" " ind2=" ">
    <subfield code="a">ART-2023-136598</subfield>
  </datafield>
  <datafield tag="041" ind1=" " ind2=" ">
    <subfield code="a">spa</subfield>
  </datafield>
  <datafield tag="100" ind1=" " ind2=" ">
    <subfield code="a">Delgado Orusco, Eduardo</subfield>
    <subfield code="u">Universidad de Zaragoza</subfield>
    <subfield code="0">(orcid)0000-0003-3091-7795</subfield>
  </datafield>
  <datafield tag="245" ind1=" " ind2=" ">
    <subfield code="a">Miguel Fisac, de arte y parte</subfield>
  </datafield>
  <datafield tag="260" ind1=" " ind2=" ">
    <subfield code="c">2023</subfield>
  </datafield>
  <datafield tag="506" ind1="0" ind2=" ">
    <subfield code="a">Access copy available to the general public</subfield>
    <subfield code="f">Unrestricted</subfield>
  </datafield>
  <datafield tag="520" ind1="3" ind2=" ">
    <subfield code="a">Un extracto de esta conversación, celebrada hace ahora veinticinco años, fue publicado con motivo del centenario del nacimiento del entrevistado en la entrega número 4 de la revista Boletín Académico (BAc). Ahora ve la luz el resto de la conversación que aborda cuestiones de notable interés: la particular forma de abordar sus primeros pasos profesionales como arquitecto en la España de la posguerra, la personalísima visión de Fisac respecto a los arquitectos del Movimiento Moderno con particular atención al trabajo de Le Corbusier, o su toma de postura respecto a la arquitectura finisecular cuando la entrevista tuvo lugar. Para terminar el autor manchego hace una aproximación crítica a la arquitectura sacra del siglo XX –de la que el propio Fisac fue protagonista principal, como mínimo en nuestro país– y una interesante aproximación a los artistas plásticos con los que tuvo la ocasión de trabajar, desde Capuz o Stolz a Susana Polac y Jorge Oteiza. 
Con motivo de la publicación de la primera parte de la entrevista se apuntaba que la visión de los maestros resulta siempre fértil y enriquecedora. La recuperación de esta conversación sirve para ilustrar la anterior afirmación, tanto por su contenido como, acaso sobre todo, por las actitudes. Y en este caso se ha optado por mantener el tono fresco y espontáneo de aquella entrevista  hace ahora un cuarto de siglo.</subfield>
  </datafield>
  <datafield tag="540" ind1=" " ind2=" ">
    <subfield code="9">info:eu-repo/semantics/openAccess</subfield>
    <subfield code="a">by-nc-sa</subfield>
    <subfield code="u">http://creativecommons.org/licenses/by-nc-sa/3.0/es/</subfield>
  </datafield>
  <datafield tag="594" ind1=" " ind2=" ">
    <subfield code="a">0.1</subfield>
    <subfield code="b">2023</subfield>
  </datafield>
  <datafield tag="655" ind1=" " ind2="4">
    <subfield code="a">info:eu-repo/semantics/article</subfield>
    <subfield code="v">info:eu-repo/semantics/publishedVersion</subfield>
  </datafield>
  <datafield tag="710" ind1="2" ind2=" ">
    <subfield code="1">5015</subfield>
    <subfield code="2">715</subfield>
    <subfield code="a">Universidad de Zaragoza</subfield>
    <subfield code="b">Dpto. Arquitectura</subfield>
    <subfield code="c">Área Proyectos Arquitectónicos</subfield>
  </datafield>
  <datafield tag="773" ind1=" " ind2=" ">
    <subfield code="g">10 (2023), 12-19</subfield>
    <subfield code="p">Veredes arquit. divulg.</subfield>
    <subfield code="t">Veredes, arquitectura y divulgación</subfield>
    <subfield code="x">2659-9139</subfield>
  </datafield>
  <datafield tag="856" ind1="4" ind2=" ">
    <subfield code="s">1268221</subfield>
    <subfield code="u">http://zaguan.unizar.es/record/130981/files/texto_completo.pdf</subfield>
    <subfield code="y">Versión publicada</subfield>
  </datafield>
  <datafield tag="856" ind1="4" ind2=" ">
    <subfield code="s">4508356</subfield>
    <subfield code="u">http://zaguan.unizar.es/record/130981/files/texto_completo.jpg?subformat=icon</subfield>
    <subfield code="x">icon</subfield>
    <subfield code="y">Versión publicada</subfield>
  </datafield>
  <datafield tag="856" ind1="4" ind2="1">
    <subfield code="u">https://veredes.es/vad/index.php/vad/article/view/Eduardo-Delgado-Miguel-Fisac-de-arte-y-parte</subfield>
    <subfield code="z">Texto completo de la revista</subfield>
  </datafield>
  <datafield tag="909" ind1="C" ind2="O">
    <subfield code="o">oai:zaguan.unizar.es:130981</subfield>
    <subfield code="p">articulos</subfield>
    <subfield code="p">driver</subfield>
  </datafield>
  <datafield tag="951" ind1=" " ind2=" ">
    <subfield code="a">2024-07-31-09:38:07</subfield>
  </datafield>
  <datafield tag="980" ind1=" " ind2=" ">
    <subfield code="a">ARTICLE</subfield>
  </datafield>
</record>
</collection>